<?xml version="1.0" encoding="UTF-8"?>
<record
    xmlns:xsi="http://www.w3.org/2001/XMLSchema-instance"
    xsi:schemaLocation="http://www.loc.gov/MARC21/slim http://www.loc.gov/standards/marcxml/schema/MARC21slim.xsd"
    xmlns="http://www.loc.gov/MARC21/slim">

  <leader>01393nam2a22002411  4500</leader>
  <controlfield tag="001">RU\NLR\A1SV\101580</controlfield>
  <controlfield tag="005">20251203152403.2</controlfield>
  <datafield tag="035" ind1=" " ind2=" ">
    <subfield code="a">(NLR Aleph) 009782933</subfield>
  </datafield>
  <datafield tag="090" ind1=" " ind2=" ">
    <subfield code="a">13485838</subfield>
    <subfield code="c">13485838</subfield>
  </datafield>
  <datafield tag="100" ind1=" " ind2=" ">
    <subfield code="a">20100305d1924    u  y0rusy50      ca</subfield>
  </datafield>
  <datafield tag="101" ind1="0" ind2=" ">
    <subfield code="a">rus</subfield>
  </datafield>
  <datafield tag="200" ind1="1" ind2=" ">
    <subfield code="a">&#x413;&#x438;&#x43F;&#x43F;&#x438;&#x439; &#x411;&#x43E;&#x43B;&#x44C;&#x448;&#x438;&#x439;</subfield>
    <subfield code="f">[&#x41F;&#x435;&#x440;. &#x438; &#x432;&#x432;&#x435;&#x434;. &#x410;.&#x412;.&#x411;&#x43E;&#x43B;&#x434;&#x44B;&#x440;&#x435;&#x432;&#x430;]</subfield>
    <subfield code="a">&#x413;&#x438;&#x43F;&#x43F;&#x438;&#x439; &#x41C;&#x435;&#x43D;&#x44C;&#x448;&#x438;&#x439;</subfield>
    <subfield code="a">&#x418;&#x43E;&#x43D;</subfield>
    <subfield code="f">[&#x41F;&#x435;&#x440;. &#x438; &#x432;&#x432;&#x435;&#x434;. &#x42F;.&#x41C;.&#x411;&#x43E;&#x440;&#x43E;&#x432;&#x441;&#x43A;&#x43E;&#x433;&#x43E;]</subfield>
    <subfield code="a">&#x41C;&#x435;&#x43D;&#x435;&#x43A;&#x441;&#x435;&#x43D;</subfield>
    <subfield code="f">&#x41F;&#x435;&#x440;. &#x438; &#x432;&#x432;&#x435;&#x434;. &#x411;&#x43E;&#x43B;&#x434;&#x44B;&#x440;&#x435;&#x432;&#x430;]</subfield>
    <subfield code="a">&#x41A;&#x43B;&#x438;&#x442;&#x43E;&#x444;&#x43E;&#x43D;&#x442;</subfield>
    <subfield code="f">[&#x41F;&#x435;&#x440;. &#x438; &#x432;&#x432;&#x435;&#x434;. &#x410;.&#x418;.&#x411;&#x43E;&#x43B;&#x442;&#x443;&#x43D;&#x43E;&#x432;&#x43E;&#x439;]</subfield>
  </datafield>
  <datafield tag="210" ind1=" " ind2=" ">
    <subfield code="d">1924</subfield>
  </datafield>
  <datafield tag="215" ind1=" " ind2=" ">
    <subfield code="a">[4], 144 &#x441;.</subfield>
  </datafield>
  <datafield tag="461" ind1=" " ind2="1">
    <subfield code="1">001RU\NLR\A1SV\101577</subfield>
    <subfield code="1">2000#$a&#x41F;&#x43E;&#x43B;&#x43D;&#x43E;&#x435; &#x441;&#x43E;&#x431;&#x440;&#x430;&#x43D;&#x438;&#x435; &#x442;&#x432;&#x43E;&#x440;&#x435;&#x43D;&#x438;&#x439; &#x41F;&#x43B;&#x430;&#x442;&#x43E;&#x43D;&#x430;$e&#x412; 15 &#x442;.$f&#x41D;&#x43E;&#x432;&#x44B;&#x439; &#x43F;&#x435;&#x440;. &#x43F;&#x43E;&#x434; &#x440;&#x435;&#x434;. &#x421;.&#x410;.&#x416;&#x435;&#x431;&#x435;&#x43B;&#x435;&#x432;&#x430;, &#x41B;.&#x41F;.&#x41A;&#x430;&#x440;&#x441;&#x430;&#x432;&#x438;&#x43D;&#x430;, &#x42D;.&#x41B;.&#x420;&#x430;&#x434;&#x43B;&#x43E;&#x432;&#x430;$v&#x422;.9</subfield>
    <subfield code="1">700#1$a&#x41F;&#x43B;&#x430;&#x442;&#x43E;&#x43D;$f427-347 &#x434;&#x43E; &#x43D;.&#x44D;.$3RU\NLR\AUTH\779049</subfield>
    <subfield code="9">10103142</subfield>
    <subfield code="a">&#x41F;&#x43B;&#x430;&#x442;&#x43E;&#x43D; (427-347 &#x434;&#x43E; &#x43D;.&#x44D;.)</subfield>
    <subfield code="c">&#x41F;&#x431;.</subfield>
    <subfield code="d">1922-1929</subfield>
    <subfield code="f">&#x41D;&#x43E;&#x432;&#x44B;&#x439; &#x43F;&#x435;&#x440;. &#x43F;&#x43E;&#x434; &#x440;&#x435;&#x434;. &#x421;.&#x410;.&#x416;&#x435;&#x431;&#x435;&#x43B;&#x435;&#x432;&#x430;, &#x41B;.&#x41F;.&#x41A;&#x430;&#x440;&#x441;&#x430;&#x432;&#x438;&#x43D;&#x430;, &#x42D;.&#x41B;.&#x420;&#x430;&#x434;&#x43B;&#x43E;&#x432;&#x430;</subfield>
    <subfield code="n">Academia</subfield>
    <subfield code="o">&#x412; 15 &#x442;.</subfield>
    <subfield code="t">&#x41F;&#x43E;&#x43B;&#x43D;&#x43E;&#x435; &#x441;&#x43E;&#x431;&#x440;&#x430;&#x43D;&#x438;&#x435; &#x442;&#x432;&#x43E;&#x440;&#x435;&#x43D;&#x438;&#x439; &#x41F;&#x43B;&#x430;&#x442;&#x43E;&#x43D;&#x430;</subfield>
    <subfield code="v">&#x422;.9</subfield>
  </datafield>
  <datafield tag="702" ind1=" " ind2="1">
    <subfield code="a">&#x411;&#x43E;&#x43B;&#x434;&#x44B;&#x440;&#x435;&#x432;</subfield>
    <subfield code="b">&#x410;.&#x412;.</subfield>
  </datafield>
  <datafield tag="702" ind1=" " ind2="1">
    <subfield code="a">&#x411;&#x43E;&#x440;&#x43E;&#x432;&#x441;&#x43A;&#x438;&#x439;</subfield>
    <subfield code="b">&#x42F;.&#x41C;.</subfield>
  </datafield>
  <datafield tag="702" ind1=" " ind2="1">
    <subfield code="a">&#x411;&#x43E;&#x43B;&#x442;&#x443;&#x43D;&#x43E;&#x432;&#x430;</subfield>
    <subfield code="b">&#x410;.&#x418;.</subfield>
  </datafield>
  <datafield tag="801" ind1=" " ind2="0">
    <subfield code="a">RU</subfield>
    <subfield code="b">NLR</subfield>
    <subfield code="c">20100305</subfield>
  </datafield>
  <datafield tag="942" ind1=" " ind2=" ">
    <subfield code="c">BOOK</subfield>
  </datafield>
  <datafield tag="980" ind1=" " ind2=" ">
    <subfield code="a">A1SV</subfield>
  </datafield>
  <datafield tag="980" ind1=" " ind2=" ">
    <subfield code="a">NB</subfield>
  </datafield>
</record>
